|
|
|
|
| LEADER |
00000nam a2200000 a 4500 |
| 001 |
UCR8825 |
| 003 |
CL-VaPUC |
| 008 |
980605e19930000US |||||||||||||||||spa|d |
| 082 |
0 |
4 |
|a 972.91
|b BER
|2 21
|
| 100 |
0 |
|
|a Beruvides, Esteban M
|e author
|9 411023
|
| 245 |
1 |
0 |
|a Cuba y sus mártires
|
| 300 |
|
|
|a 220 p
|
| 942 |
|
|
|c BK
|
| 945 |
|
|
|d 19980605 00:00:00
|a rbrito
|
| 260 |
|
|
|a Coral Gables
|b Graphics
|c 1993
|
| 650 |
|
7 |
|a HISTORIA DE CUBA 1959-1980
|2 CL-VaPUC
|9 411024
|
| 650 |
|
0 |
|a Presos políticos
|9 411025
|
| 650 |
|
0 |
|a Derechos humanos
|9 223025
|
| 651 |
|
7 |
|a CUBA
|2 CL-VaPUC
|9 255263
|
| 583 |
|
|
|a last modification
|c 20120831 12:36:57
|k Rodrigo Vera
|
| 999 |
|
|
|c 270202
|d 270200
|
| 952 |
|
|
|0 0
|1 0
|4 0
|6 972_910000000000000_BER_1993
|7 0
|8 P
|9 304346
|a BIBDER
|b BIBDER
|d 2019-11-20
|i 3430065
|o 972.91 BER 1993
|p 3430065
|r 2023-01-25
|w 2019-11-20
|y BK
|k DER
|